UM Logo

Retaining hotel employees as internal customers : (Record no. 17878)

MARC details
000 -LEADER
fixed length control field 00852nam a22002297a 4500
003 - CONTROL NUMBER IDENTIFIER
control field OSt
005 - DATE AND TIME OF LATEST TRANSACTION
control field 20230127100957.0
008 - FIXED-LENGTH DATA ELEMENTS--GENERAL INFORMATION
fixed length control field 230127b ||||| |||| 00| 0 eng d
040 ## - CATALOGING SOURCE
Transcribing agency 0
082 ## - DEWEY DECIMAL CLASSIFICATION NUMBER
Classification number DPer 910.46 T156 2019 v76PA-76PB
100 ## - MAIN ENTRY--PERSONAL NAME
Personal name Yao, Tang
Relator term author.
9 (RLIN) 46234
245 ## - TITLE STATEMENT
Title Retaining hotel employees as internal customers :
Remainder of title effect of organizational commitment on attitudinal and behavioral loyalty of employees /
Statement of responsibility, etc. Tang Yao, Qi Qiu, and Yigang Wei.
260 ## - PUBLICATION, DISTRIBUTION, ETC. (IMPRINT)
Place of publication, distribution, etc. Amsterdam :
Name of publisher, distributor, etc. Elsevier,
Date of publication, distribution, etc. ©January 2019.
300 ## - PHYSICAL DESCRIPTION
Extent v 76PA, pages 1-8 : illustrations.
650 ## - SUBJECT ADDED ENTRY--TOPICAL TERM
Topical term or geographic name as entry element Personnel management.
9 (RLIN) 47523
650 ## - SUBJECT ADDED ENTRY--TOPICAL TERM
Topical term or geographic name as entry element Employee morale.
9 (RLIN) 46931
650 ## - SUBJECT ADDED ENTRY--TOPICAL TERM
Topical term or geographic name as entry element Hospitality industry.
9 (RLIN) 47524
700 ## - ADDED ENTRY--PERSONAL NAME
Personal name Yao, Tang
Relator term author.
9 (RLIN) 46234
700 ## - ADDED ENTRY--PERSONAL NAME
Personal name Qiu, Qi
Relator term author.
9 (RLIN) 47525
700 ## - ADDED ENTRY--PERSONAL NAME
Personal name Wei, Yigang
Relator term author.
9 (RLIN) 47526
942 ## - ADDED ENTRY ELEMENTS (KOHA)
Source of classification or shelving scheme Dewey Decimal Classification
Koha item type Periodicals
Holdings
Withdrawn status Lost status Source of classification or shelving scheme Damaged status Not for loan Collection code Home library Current library Date acquired Total Checkouts Full call number Date last seen Price effective from Koha item type Public note
    Dewey Decimal Classification     Periodicals UM Digos College - LIC UM Digos College - LIC 01/27/2023   DPer 910.46 T156 2019 v76PA-76PB 01/27/2023 01/27/2023 Periodicals Periodical article